000 00801cam a2200265 a 4500
005 20260322212019.0
008 data
010 _a 81018646
020 _a0025521004 :
_c{dollar}16.95
020 _a9780025521001 :
_c{dollar}16.95
040 _aDLC
_cDLC
_dDLC
043 _an-us---
050 0 0 _aCS2487
_b.H66 1982
082 0 0 _a929.4/2/0973
_219
092 _a929.4 H66 1982
100 1 _aHook, J. N.
_d1913-
_q(Julius Nicholas),
245 1 0 _aFamily names :
_bhow our surnames came to America /
_cJ. N. Hook.
260 _aLondon :
_bCollier Macmillan,
_aLondon :
_bCollier Macmillan,
_cc1982.
300 _a388 p. ;
_c22 cm.
500 _aIncludes index.
504 _aBibliography: p. 363-365.
650 0 _aNames, Personal
_zUnited States.
650 0 _aEthnology
_zUnited States.
001 data
999 _c426
_d426